[Event "BRA-ch U16"]
[Site "Sao Paulo"]
[Date "2012.04.29"]
[Round "4"]
[White "Moreira Fabio, Matheus de Souza"]
[Black "Souza dos Santos, Matheus Garcett"]
[Result "0-1"]
[WhiteElo "1785"]
[BlackElo "1842"]
[PlyCount "38"]
[EventDate "2012.04.28"]
[EventType "swiss"]
[EventRounds "7"]
[EventCountry "BRA"]
[SourceTitle "CBM 148 Extra"]
[Source "ChessBase"]
[SourceDate "2012.06.22"]
[SourceVersion "1"]
[SourceVersionDate "2012.06.22"]
[SourceQuality "1"]

1. e4 c5 2. Nf3 d6 3. d4 cxd4 4. Nxd4 Nf6 5. Bd3 a6 6. 0-0 e5 7. c3 exd4 8. cxd4 Nc6 9. Qa4 Bd7 10. Qd1 Nxd4 11. Qc2 Nxc2 12. Bxc2 Rc8 13. Bb3 Nxe4 14. Re1 Be7 15. Be3 Qa5 16. Re2 Bb5 17. Bd2 Bxe2 18. Bxa5 Rc1+ 19. Be1 Rxe1# 0-1